00925nam a22001937a 4500999001500000003000400015008004100019020001900060100008200079245002200161250001200183260002900195300001100224650002100235942001200256952015500268952015400423952015400577 c9143d9143OSt201118b ||||| |||| 00| 0 eng d a 9788131704813 aMorrison, Robert Thornton and Bhattacharjee, Saibal Kanti and Neilson, Robert aOrganic Chemistry a7th Ed. aNew DelhibPearsonc2020 a1472p. aB.Sc Non Medical 2ddccBK 00102ddc40708BSCNMaPIETNCRbPIETNCRd2020-11-18eKirti PrakashanfIN Rupeesg989.00kIN255l0pN230r2020-11-18 00:00:00v658.92w2020-08-05yREF 00102ddc40708BSCNMaPIETNCRbPIETNCRd2020-11-18eKirti PrakashanfIN Rupeesg989.00kIN255l0pN231r2020-11-18 00:00:00v658.92w2020-08-05yBK 00102ddc40708BSCNMaPIETNCRbPIETNCRd2020-11-18eKirti PrakashanfIN Rupeesg989.00kIN255l0pN232r2020-11-18 00:00:00v658.92w2020-08-05yBK